El fundamento del sistema jurídico penal

Saved in:
Bibliographic Details
Main Author: Jakobs, Günther (Author)
Format: Book
Language:Spanish
Published: Lima Ara 2005
Subjects:
Tags: Add Tag
No Tags, Be the first to tag this record!

MARC

LEADER 00000nam a2200000 a 4500
001 UCI2125
003 CL-VaPUC
008 070803e20050000PE |||||||||||||||||spa|d
020 |a 9972626695 
082 0 4 |a 345.04  |b JAK  |2 21 
100 |a Jakobs, Günther  |e author  |9 484793 
245 1 3 |a El fundamento del sistema jurídico penal 
300 |a 165 p 
942 |c BK 
945 |d 20070803 00:00:00  |a jtorresc 
260 |a Lima  |b Ara  |c 2005 
650 7 |a DERECHO PENAL  |2 CL-VaPUC  |9 11 
650 0 |a Responsabilidad penal  |9 254899 
650 7 |a PROCEDIMIENTOS PENALES  |2 CL-VaPUC  |9 522991 
650 0 |a Filosofía   |9 223554 
583 |a last modification  |c 20170421 09:36:25  |k Rodrigo Vera 
999 |c 326760  |d 326758 
952 |0 0  |1 0  |4 0  |6 345_040000000000000_JAK_2005  |7 0  |8 A  |9 408885  |a BIBDER  |b BIBDER  |d 2019-11-22  |i 4357906  |l 1  |o 345.04 JAK 2005  |p 4357906  |r 2022-11-21  |s 2022-11-14  |w 2019-11-22  |y BK  |k DER